000 00775nam0a22002771 4500
001 RU\NLR\INFOCOMM10\ROSSICA\1000018299
005 20250613185106.0
035 _a(NLR Aleph) 009880590
090 _a10470307
_c10470307
100 _a20030827d1900 |||y0rusy50 ca
101 0 _afre
102 _aRU
105 _ay ||||000ay
200 1 _aEtat actuel de l'elevage de moutons en Russie
_fKoulechoff, P.
210 _aMoscou
_d1900
215 _d
700 1 _9z01790
_aKulešov
_bP.N.
_f1854-1936
_gPavel Nikolaevič
_4070
790 1 _9z01700
_aKoulechoff
_bP.
_4070
801 1 _aRU
_bInfoComm
_c20030827
801 0 _aRU
_bNLR
_gPSBO
852 _aNLR
_j12.44.3.209
852 _aNLR
_bВЭО
_j132.2/41
942 _cBOOK
980 _aNB
980 _aRossica